000 00868nam a22002777a 4500
003 CHAP
005 20220817042721.0
008 971013s1981 r 00010 d
010 _a53244
011 _a54216
035 _a58367
040 _cCHAP
082 _a634.81
_bW4Y
100 0 0 _aWeaver, Robert J.
_9121256
245 _aCultivo de la uva
260 _aMéxico, D.F. :
_bCECSA,
_c1981
300 _a419 p.
_b: ilus.
590 _aBATCH-UPD
_b10
_c20130110
_lUCH01
_h0310
590 _aCONVERSION
_b10
_c20130109
_lUCH01
_h1329
650 1 4 _aViticultura.
901 _aBK
942 _cLIBRO
949 _a634.81 W4Y
_bBC
_cLIBRO
_d33724000222204
_eLIBRO
_fc.3
_h57021
_i58367
_si
_t350.00
949 _a634.81 W4Y
_bBC
_cLIBRO
_d33724000746350
_eLIBRO
_h57019
_i58367
_so
_t350.00
949 _a634.81 W4Y
_bBC
_cLIBRO
_d33724000924015
_eLIBRO
_fc.2
_h57020
_i58367
_si
_t350.00
999 _c53244
_d53244